Prínosom vyššia kvalita práce Príloha

Prístup k tvorbe systémov pracovných hodnotení v praxi slovenských podnikov. Hodnotiaci systém konzultačnej skupiny Humanag. Analýzy odpovedí na otvorené otázky ankety realizované vo firmách v strednom manažmente po približne 1 roku fungovania systému. Vplyv hodnotiaceho systému na motiváciu pracovn...

Ausführliche Beschreibung

Gespeichert in:
Bibliographische Detailangaben
1. Verfasser: Kališ, Mojmír
Format: Buchkapitel
Sprache:Slowakisch
Schlagworte:
Tags: Tag hinzufügen
Keine Tags, Fügen Sie das erste Tag hinzu!

MARC

LEADER 00000naa a2200000 4500
001 r027976
005 20230824093331.0
041 0 |a slo 
044 |a SK 
245 1 0 |a Prínosom vyššia kvalita práce  |b Príloha  |c Mojmír Kališ 
520 |a Prístup k tvorbe systémov pracovných hodnotení v praxi slovenských podnikov. Hodnotiaci systém konzultačnej skupiny Humanag. Analýzy odpovedí na otvorené otázky ankety realizované vo firmách v strednom manažmente po približne 1 roku fungovania systému. Vplyv hodnotiaceho systému na motiváciu pracovníkov. 
610 2 0 |a manažment personálny 
610 2 0 |a hodnotenie pracovné 
610 2 0 |a Slovensko 
610 2 0 |a Humanag 
610 2 0 |a ankety 
610 2 0 |a motivácia pracovná 
100 1 |a Kališ, Mojmír